Derechos polt̕icos y de participacin̤ Sufragio, referňdum, revocatoria, iniciativa legislativa y otras formas participativas /

Detalles Bibliográficos
Autor principal: Cajalen̤ Castilla, Eddie R.
Otros Autores: Pomareda Muǫz, Diego A.
Formato: eBook
Lenguaje:español
Publicado: Lima: Palestra Editores, 2021
Materias:
Acceso en línea:Acceso restringido

MARC

LEADER 00000nam a22000007a 4500
005 20220823011938.0
007 cr|||| ||||
008 220823s2021 pe |||||s|||| 00||0 spa d
020 |a 9786123252113 
035 |a 36939 
040 |a vLex 
090 |c 13792  |d 13792 
100 1 |a Cajalen̤ Castilla, Eddie R. 
245 1 0 |a Derechos polt̕icos y de participacin̤  |h [Recurso electrn̤ico] :  |b Sufragio, referňdum, revocatoria, iniciativa legislativa y otras formas participativas /  |c Eddie R. Cajalen̤ Castilla, Diego A. Pomareda Muǫz 
256 |a Servicio en ln̕ea 
260 |a Lima:  |b Palestra Editores,  |c 2021 
300 |a 1 recurso electrn̤ico 
500 |a El presente libro busca que los lectores puedan comprender, de manera clara, la definicin̤ de cada derecho polt̕ico, como tambiň sus contenidos elementales. Asimismo, se busca denotar que este tipo de derechos se encuentran sujetos a diversos tipos de lm̕ites vinculados a la persona, el tiempo o la materia. Adems̀, para cumplir con su objeto, el presente libro ha esquematizado la jurisprudencia relevante a travš de cuadros que reseąn los hechos destacados y la vinculacin̤ con cada derecho polt̕ico, como tambiň ha agregado casos de aplicacin̤ y preguntas de autoevaluacin̤ para que el lector refuerce conceptos y ponga en prc̀tica los mismos a travš del razonamiento jurd̕ico. 
506 1 |a Disponible solo en los productos indicados  |d vLex Global  |d vLex Global (Academic Edition, excluding Law Schools)  |d vLex Global (U.S. Academic Edition, Law Schools)  |d vLex Global (U.S. Academic Edition, excluding Law Schools)  |d vLex Global (Academic Edition, Law Schools) 
650 0 4 |a Derecho Constitucional  |z Per︢ 
700 1 |a Pomareda Muǫz, Diego A. 
740 0 |a vLex Libros (Servicio en ln̕ea) 
856 4 0 |u https://app.vlex.com/#/sources/36939  |z Acceso restringido 
942 |c BOOK 
999 0 |a Constitutional right